MARC details
| 000 -LEADER |
| fixed length control field |
01886cam a22003615a 4500 |
| 001 - CONTROL NUMBER |
| control field |
014395724 |
| 003 - CONTROL NUMBER IDENTIFIER |
| control field |
Uk |
| 005 - DATE AND TIME OF LATEST TRANSACTION |
| control field |
20181114153425.0 |
| 008 - FIXED-LENGTH DATA ELEMENTS--GENERAL INFORMATION |
| fixed length control field |
070302s1984 ilu frb 000 0 eng d |
| 020 ## - INTERNATIONAL STANDARD BOOK NUMBER |
| International Standard Book Number |
0252724216 |
| 020 ## - INTERNATIONAL STANDARD BOOK NUMBER |
| International Standard Book Number |
9780252724213 |
| 040 ## - CATALOGING SOURCE |
| Original cataloging agency |
Uk |
| Language of cataloging |
eng |
| Transcribing agency |
Uk |
| Modifying agency |
EG-ScBUE |
| -- |
EG-ScBUE |
| 082 04 - DEWEY DECIMAL CLASSIFICATION NUMBER |
| Classification number |
070.1 |
| Item number |
SIE |
| Edition number |
22 |
| 100 1# - MAIN ENTRY--PERSONAL NAME |
| Personal name |
Siebert, Fred S. |
| Fuller form of name |
(Fred Seaton), |
| Dates associated with a name |
1902?-1982. |
| 9 (RLIN) |
41934 |
| 245 10 - TITLE STATEMENT |
| Title |
Four theories of the press : |
| Remainder of title |
the authoritarian, libertarian, social responsibility, and Soviet communist concepts of what the press should be and do / |
| Statement of responsibility, etc |
Fred S. Siebert, Theodore Peterson, Wilbur Schramm. |
| 260 ## - PUBLICATION, DISTRIBUTION, ETC. (IMPRINT) |
| Place of publication, distribution, etc |
Urbana : |
| Name of publisher, distributor, etc |
University of Illinois Pres, |
| Date of publication, distribution, etc |
1984. |
| 300 ## - PHYSICAL DESCRIPTION |
| Extent |
153 p. ; |
| Dimensions |
22 cm. |
| 490 0# - Series Statement |
| Series statement |
Illini book ; |
| Volume/sequential designation |
IB-15. |
| 500 ## - GENERAL NOTE |
| General note |
"These essays were prepared in connection with a study of the social responsibilities of mass communicators which Dr. Schramm is conducting for the Department of the Church and Economic Life of the National Council of Churches"--Leaf following title page. |
| 500 ## - GENERAL NOTE |
| General note |
"Originally published in a clothbound edition, 1956"--Title page verso. |
| 504 ## - BIBLIOGRAPHY, ETC. NOTE |
| Bibliography, etc |
Includes bibliographical references. |
| 505 0# - FORMATTED CONTENTS NOTE |
| Formatted contents note |
The authoritarian theory / Fred S. Siebert --<br/>The libertarian theory / Fred S. Siebert --<br/>The social responsibility theory / Theodore Peterson --<br/>The Soviet communist theory / Wilbur Schramm. |
| 520 ## - SUMMARY, ETC. |
| Summary, etc |
"Essays prepared in connection with a study of the social responsibilities of mass communicators, being conducted for the Department of the Church and Economic Life of the National Council of Churches."<br/> |
| 650 #7 - SUBJECT ADDED ENTRY--TOPICAL TERM |
| Topical term or geographic name as entry element |
Press. |
| Source of heading or term |
BUEsh |
| 650 #7 - SUBJECT ADDED ENTRY--TOPICAL TERM |
| Topical term or geographic name as entry element |
Journalism. |
| Source of heading or term |
BUEsh |
| 9 (RLIN) |
37800 |
| 650 #7 - SUBJECT ADDED ENTRY--TOPICAL TERM |
| Topical term or geographic name as entry element |
Communication. |
| Source of heading or term |
BUEsh |
| 651 ## - SUBJECT ADDED ENTRY--GEOGRAPHIC NAME |
| Source of heading or term |
BUEsh |
| 653 ## - INDEX TERM--UNCONTROLLED |
| Resource For college |
Communication and mass media |
| Arrived date list |
November2018 |
| 655 ## - INDEX TERM--GENRE/FORM |
| Form subdivision |
Reading book |
| 700 1# - ADDED ENTRY--PERSONAL NAME |
| Personal name |
Peterson, Theodore, |
| Dates associated with a name |
1918- |
| 700 1# - ADDED ENTRY--PERSONAL NAME |
| Personal name |
Schramm, Wilbur, |
| Dates associated with a name |
1907-1987. |
| 942 ## - ADDED ENTRY ELEMENTS (KOHA) |
| Source of classification or shelving scheme |
Dewey Decimal Classification |